000 00738cam a2200277 a 4500
001 39762
005 20230411085955.0
008 010530s2000 quc 000 1 fre
035 _a(OCoLC)ocm47073863
040 _aNLC
_bfre
_cNLC
_dOCLCQ
016 _a20010064044
020 _z2922752002
029 0 _aNLC
_b20010064044
035 _a(OCoLC)47073863
055 0 0 _a110 PQ 3949
_bD228a 2000
082 0 0 _a843/.6
049 _aGRAL
100 1 _aDary, Henri,
_d1950-
245 1 3 _aUn amour disputé :
_broman /
_cHenri Dary.
260 _aSaint-Leonard, Qc :
_bEditions Metuca,
_cc2000.
300 _a232 p. ;
_c21 cm.
650 4 _aCEH
650 4 _aColección Estudios Haitianos
942 _2lcc
_cbk
994 _aC0
_bDRFGD
999 _c110292
_d110292